000 00302nam a2200109Ia 4500
008 200302s9999 xx 000 0 und d
100 _aMark Dekay & Other
245 _aIntegral Austainable Design Transformative Perspectives
260 _bEarthscan Publications Ltd.
260 _c2011
300 _a490 P.,
999 _c5809
_d5809